000 00544nam a2200181Ia 4500
008 090630s9999 xx 000 0 und d
082 _b1769
100 _aदांडेकर ज. पा.
245 _aशिवणकला.
_cदांडेकर ज. पा.
260 _bउद्यम.
_c1974
300 _a161
600 _aदांडेकर ज. पा.
630 _aशिवणकला.
655 _aइतर.
700 _aदांडेकर ज. पा.
730 _aशिवणकला.
942 _cBOOK
999 _c253625
_d253625